Toutes les communes de Thionville Fensch Agglomération - Statistiques

Statistiques générales
  • Ce quiz a été pris 65 fois
  • Le résultat moyen est 8 sur 23
Statistiques - réponses
Commune Population (2023) % Correct
Thionville 42 658
86%
Yutz 17 391
86%
Hayange 15 806
67%
Manom 3 137
61%
Terville 7 801
61%
Fameck 14 788
51%
Florange 12 035
51%
Uckange 7 021
51%
Illange 1 770
39%
Algrange 5 802
37%
Nilvange 4 341
33%
Serémange-Erzange 4 251
33%
Basse-Ham 2 349
31%
Fontoy 3 184
31%
Knutange 3 199
22%
Neufchef 2 650
18%
Angevillers 1 404
16%
Kuntzig 1 359
12%
Tressange 2 470
8%
Havange 456
6%
Ranguevaux 907
4%
Rochonvillers 215
4%
Lommerange 380
2%
Aucun quiz correspondant
Distribution des résultats
% des personnes avec chaque résultat
Percentile par nombre de réponses
Votre historique - résultats
Vous n’avez pas pris ce quiz